Campeonato Centroamericano y del Caribe de Boxeo Aficionado. (Record no. 31167)
[ view plain ]
| 000 -CABECERA | |
|---|---|
| campo de control de longitud fija | 00552nam a2200157 a 4500 |
| 001 - NÚMERO DE CONTROL | |
| campo de control | 000031675 |
| 005 - FECHA Y HORA DE LA ÚLTIMA TRANSACCIÓN | |
| campo de control | 20200930063109.0 |
| 008 - DATOS DE LONGITUD FIJA--INFORMACIÓN GENERAL | |
| campo de control de longitud fija | 110629s1981 dr c 000 0 spa d |
| 040 ## - FUENTE DE LA CATALOGACIÓN | |
| Centro catalogador/agencia de origen | DO-SdBNP |
| Lengua de catalogación | spa |
| Centro/agencia transcriptor | BNPHU |
| 082 ## - NÚMERO DE LA CLASIFICACIÓN DECIMAL DEWEY | |
| Número de clasificación | xxxx |
| Número de documento/Ítem | C194 |
| 049 ## - FONDOS LOCALES (OCLC) | |
| Fondos de biblioteca | BNPD |
| 111 2# - ENTRADA PRINCIPAL--NOMBRE DE CONGRESO/REUNIÓN | |
| Nombre de congreso/reunión o jurisdicción como elemento de entrada | Campeonato centroamericano y del Caribe de Boxeo Aficionado |
| Número del congreso/reunión o número de parte o sección | (12vo. : |
| Fecha del congreso/reunión | 1981, 28 sep. - 4 oct. : |
| Sede del congreso/Lugar de la reunión | Santo Domingo). |
| 9 (RLIN) | 57963 |
| 245 10 - MENCIÓN DE TÍTULO | |
| Título | Campeonato Centroamericano y del Caribe de Boxeo Aficionado. |
| 260 ## - PUBLICACIÓN, DISTRIBUCIÓN, ETC. | |
| Lugar de publicación, distribución, etc. | [Santo Domingo : |
| Nombre del editor, distribuidor, etc. | SEDEFIR, |
| Fecha de publicación, distribución, etc. | 1981]. |
| 300 ## - DESCRIPCIÓN FÍSICA | |
| Extensión | [28 p.] : |
| Otras características físicas | retrs. ; |
| Dimensiones | 21 cm. |
| Estado de retiro | Estado de pérdida | No para préstamo | Código de colección | Localización permanente | Ubicación/localización actual | Ubicación en estantería | Fecha de adquisición | Número de inventario | Total de préstamos | Signatura topográfica completa | Código de barras | Fecha visto por última vez | Precio válido a partir de | Tipo de ítem Koha |
|---|---|---|---|---|---|---|---|---|---|---|---|---|---|---|
| Excluido de préstamo | Patrimonio Dominicano | Patrimonio Dominicano | Patrimonio Dominicano | En catalogación | 29.06.2011 | LF1 | xxxx C194 | 31675-10 | 25.06.2020 | 25.06.2020 | Libro y Folleto Colección Patrimonio Dominicano |
